000 00556nam a2200205Ia 4500
003 OSt
005 20250726144354.0
008 210423s1963 xx 000 0 und d
040 _cAL
041 _aEnglish
082 _a100
_bCOPH
100 _aFrderick Copleston
_9122336
245 _aHistroy of philosophy: greece and rome part
_b: greece and rome part 1
260 _bState Resource Centre
_c1963
365 _cINR
440 _v3
650 _aPhilosophy
_9122337
906 _a11. ; greece ; Histroy ; philosophy: ; rome
942 _2ddc
_cBK
999 _c173937
_d173937